An illustrated key to Malayan hard corals

Bibliographic Details
Main Author: Searle, A.G
Format: Book
Published: Kuala Lumpur : The Malayan Nature Society , 1980
Subjects:

MARC

LEADER 00000cam a2200000 7i4500
001 0000003680
002 000003963
005 20000330.0
020 |a T000000306 
090 0 0 |a 593.6   |b SEA 
100 1 |a Searle, A.G 
245 1 3 |a An illustrated key to Malayan hard corals   |c A.G Searle 
260 |a Kuala Lumpur :   |b The Malayan Nature Society ,   |c 1980 
300 |a 42p. :   |b ill. ;   |c 25cm. 
650 0 0 |a Corals   |z Malaysia 
999 |a 037131   |b BUKU   |c MALAYSIANA   |e PERPUSTAKAAN KOMUNITI PETALING JAYA